| 000 | 00527nam a22001937a 4500 | ||
|---|---|---|---|
| 003 | koha_MIRAKIL | ||
| 005 | 20231213100049.0 | ||
| 008 | 231213b |||||||| |||| 00| 0 ||| d | ||
| 020 | _b978-1-40277323-5 (trade) | ||
| 040 |
_aTR-IsEVY _btur _cTR-IsEVY |
||
| 082 | _a420 BER/C | ||
| 100 | _aBerne, Jennifer. | ||
| 245 | 0 |
_aCalvin can't fly _bthe story of a bookworm birdie |
|
| 260 |
_bSterling, _c2010 |
||
| 300 | _a[40] p. | ||
| 650 | _aBooks and reading | ||
| 650 | _aBooks and reading -- Fiction. | ||
| 942 |
_2ddc _cBK |
||
| 999 |
_c13922 _d13922 |
||